[Event "Noyabrsk"]
[Site "Noyabrsk"]
[Date "1995.??.??"]
[Round "8"]
[White "Komliakov, Viktor"]
[Black "Moskalenko, Viktor"]
[Result "1-0"]
[WhiteElo "2535"]
[BlackElo "2525"]
[Annotator "Horn,Peter"]
[PlyCount "73"]
[EventDate "1995.05.??"]
[EventType "tourn"]
[EventRounds "11"]
[EventCountry "RUS"]
[EventCategory "10"]
[SourceTitle "CBM 048"]
[Source "ChessBase"]
[SourceDate "1995.10.01"]
[SourceVersion "1"]
[SourceVersionDate "1995.10.01"]
[SourceQuality "1"]

1. e4 e6 2. d3 d5 3. Nd2 c5 4. Ngf3 Nc6 5. g3 g6 6. Bg2 Bg7 7. O-O Nge7 8. Re1 b6 9. exd5 $5 {This got recently into fashion.} Nxd5 (9... exd5 10. d4 O-O (10... Bf5 $2 11. dxc5 $2 (11. c4 $1 dxc4 (11... cxd4 12. cxd5 Na5 13. Nxd4 $16) 12. Nxc4 O-O 13. dxc5 Qxd1 14. Rxd1 bxc5 15. Be3 $16) 11... Nb4 12. Nb3 $6 (12. c4 Nc2 13. cxd5) 12... Nxc2 13. Nfd4 Nxe1 14. Nxf5 Nxf5 15. Qxe1+ Kf8 16. Bf4 bxc5 17. Nxc5 Rc8 $17 {Dzindzichashvili-Arnason/New York op/1992}) (10... cxd4 11. Nb3 Bg4 12. Bg5 Rc8 13. Nbxd4 Bxd4 14. Rxe7+ Nxe7 15. Qxd4) 11. dxc5 (11. Nb3 c4 $10) 11... bxc5 12. Nb3 c4 13. Nbd4 Bg4 $5 14. Nxc6 Nxc6 15. h3 Bf5 16. c3 Rb8 17. Qa4 Qd7 18. Rd1 Rfc8 19. Kh2 h6 $6 20. Rd2 $2 (20. Ne1 $1 Be6 21. Nc2 $14 {[%csl Rd5]}) 20... Qe6 21. Qd1 Be4 22. Ne1 Rd8 23. Re2 Qf6 24. Bf4 Rbc8 25. Rd2 Bxg2 26. Kxg2 d4 $17 {Savicevic-Anapolsky/Leningrad URS-JUG TeamJ/1991}) 10. d4 $5 (10. Nc4 {was played several times.}) 10... cxd4 11. Nb3 Bb7 $6 (11... O-O 12. Nbxd4 (12. Nfxd4 Bb7 13. c4 Nde7 14. Bg5 Qc8 15. Nb5 Rd8 16. Qf3 Rd7 17. Qe2 Ne5 18. Rac1 Bxg2 19. Kxg2 h6 20. Bxe7 Qc6+ 21. f3 Rxe7 22. N3d4 {½-½ Oratovsky,M-Bykhovsky,Av/Rishon le Zion YM (07) ;CBM 46 1995}) 12... Nxd4 13. Nxd4 Ba6 (13... Qc7 14. Bf4 Qc4 15. Be5 Bxe5 16. Rxe5 Bb7 $10) 14. c3 {½-½ Psakhis,L-Dokhoian,Y/Sochi 1988} (14. Nc6 $5 Qd7 15. Bxd5 exd5 16. Qxd5 Rae8 $3 17. Qxd7 Rxe1+ 18. Kg2 Bf1+ 19. Kf3 Be2+ 20. Kg2 $10)) 12. Nfxd4 Nxd4 13. Nxd4 {[%cal Rc2c4]} Rc8 14. Rxe6+ fxe6 $2 (14... Ne7 $3 15. Bxb7 fxe6 16. Be3 (16. Bxc8 $2 Bxd4 $19) 16... Rc4 17. Nxe6 Qxd1+ 18. Rxd1 $10) 15. Nxe6 $16 Qd7 16. Nxg7+ Qxg7 $146 (16... Kf7 17. Bh6 Rhd8 18. Qe2 Kg8 (18... Qc6 $16) 19. Qe5 $6 (19. c4 Nb4 20. Bxb7 Qxb7 21. b3 $16) 19... Nb4 $2 (19... Rxc2 20. Nh5 Qc7 $1 (20... gxh5 $2 21. Bh3 $18) 21. Qxc7 Rxc7 22. Bxd5+ Bxd5 $14) 20. Nh5 $18 {Howell-Soln/Bled op/1995}) 17. Bxd5 Bxd5 18. Qxd5 Qd7 19. Qe5+ Kf7 20. Bh6 Rhg8 21. Re1 Rc5 (21... Rc6 $142) 22. Qf4+ Qf5 23. Qe3 (23. Qa4 $142) 23... Qd7 24. b4 $146 (24. Qf3+ $5 Rf5 25. Rd1) ({RR} 24. Qf3+ Rf5 25. Rd1 Qe7 26. Qb3+ Qe6 27. Rd7+ Kf6 28. Qc3+ Re5 29. Qd4 g5 30. Rd6 Ke7 31. Rxe6+ Kxe6 32. Qc4+ Rd5 33. Qe4+ Re5 34. Qxh7 {1-0 (34) Solomon,S (2435)-Szuveges,G Suncoast 1999}) 24... Rc6 (24... Rd5 $5 25. c4 Re8 $16) 25. b5 Re6 26. Qf4+ Rf6 27. Qc4+ Re6 28. Re4 Rc8 29. Rf4+ Kg8 30. h4 Rce8 31. a4 Kh8 (31... Qd1+ $5 $16) (31... Qc8 $5 $16) 32. Kh2 Kg8 (32... Qe7 $16) 33. Qb3 Kh8 $2 (33... Qe7 $16) 34. Qf3 $1 $18 Qe7 35. Rf7 Qd6 36. Bf8 Kg8 37. Rg7+ 1-0

[Event "World op 23rd"]
[Site "Philadelphia"]
[Date "1995.??.??"]
[Round "4"]
[White "Zaichik, Gennadi"]
[Black "Ibragimov, Ildar"]
[Result "1-0"]
[WhiteElo "2520"]
[BlackElo "2520"]
[PlyCount "87"]
[EventDate "1995.06.??"]
[EventType "swiss"]
[EventRounds "9"]
[EventCountry "USA"]
[SourceTitle "EXT 2000"]
[Source "ChessBase"]
[SourceDate "1999.11.16"]
[SourceVersion "1"]
[SourceVersionDate "1999.11.16"]
[SourceQuality "1"]

1. Nf3 d5 2. g3 c6 3. Bg2 Bg4 4. b3 Nd7 5. Bb2 Ngf6 6. O-O e6 7. d3 Bd6 8. Nbd2 O-O 9. h3 Bh5 10. e4 e5 11. Qe1 Re8 12. Nh4 Bc5 ({RR} 12... Qb6 13. Nf5 Bf8 14. Kh1 Rad8 15. Ne3 Bg6 16. g4 Nc5 17. Rb1 dxe4 18. Nxe4 Ncxe4 19. dxe4 Bb4 20. c3 Bc5 21. Nf5 Qa6 22. a3 h5 23. g5 Nd5 24. b4 Bf8 25. exd5 Bxf5 26. dxc6 Bxb1 27. Qxb1 {Ftacnik,L (2610)-Adianto,U (2605) Jakarta 1996 0-1 (39)}) ({RR} 12... Bg6 13. Nxg6 hxg6 14. Qe2 a5 15. a4 Qc7 16. Rfe1 Nc5 17. Rad1 Ne6 18. Nf3 d4 19. Nd2 b5 20. Ra1 Nd7 21. h4 Nb6 22. Nf3 bxa4 23. bxa4 Nc5 24. Ng5 Nbxa4 25. Ba3 Nc3 26. Qg4 Ne6 27. h5 {Yadegar,R (2401)-Woodward,A (2544) chess.com INT 2025 0-1 (42)}) 13. Kh1 dxe4 14. dxe4 Nf8 $146 ({RR} 14... Qc7 15. f4 exf4 16. gxf4 Bg6 17. Qg3 Nh5 18. Qf3 Qd8 19. Nxg6 hxg6 20. Kh2 f5 21. Rad1 Qh4 22. b4 Bb6 23. Nc4 Ndf6 24. Nxb6 axb6 25. Bxf6 Qxf6 26. e5 Qf7 27. b5 cxb5 28. Qxb7 Qxb7 29. Bxb7 {Hamitevici,V (2479)-Ogleznev,A (2313) Kishinev 2017 ½-½ (44)}) 15. Nc4 N6d7 16. b4 Bb6 17. Nf5 Qc7 18. f4 f6 19. Nfd6 Re6 20. Qd2 Rd8 21. g4 Bf7 22. Nxf7 Kxf7 23. f5 Re7 24. Qe2 Kg8 25. a4 a5 26. bxa5 Bc5 27. Rfd1 Kh8 28. Qd3 Ree8 29. Qb3 Nb8 30. Bf3 Na6 31. c3 Be7 32. Qc2 Nd7 33. Bc1 Ndc5 34. Be3 Rxd1+ 35. Rxd1 Rd8 36. Rb1 Rd7 37. Be2 Rd8 38. h4 h6 39. Kg2 Nd7 40. Bf3 Bc5 41. Bd2 Kg8 42. Rh1 Kf7 43. Qa2 Ke7 44. g5 1-0

[Event "Balatonbereny GM"]
[Site "Balatonbereny"]
[Date "1995.??.??"]
[Round "5"]
[White "Nikolaidis, Ioannis"]
[Black "Gyimesi, Zoltan"]
[Result "1-0"]
[WhiteElo "2540"]
[BlackElo "2525"]
[PlyCount "71"]
[EventDate "1995.08.??"]
[EventType "tourn"]
[EventRounds "11"]
[EventCountry "HUN"]
[EventCategory "11"]
[SourceTitle "CBM 050"]
[Source "ChessBase"]
[SourceDate "1996.02.01"]
[SourceVersion "1"]
[SourceVersionDate "1996.02.01"]
[SourceQuality "1"]

1. Nf3 d5 2. g3 c5 3. Bg2 Nc6 4. O-O e6 5. c4 d4 6. d3 g6 ({RR} 6... Nf6 7. e3 Be7 8. exd4 cxd4 9. Re1 Nd7 10. Na3 e5 11. Nc2 a5 12. Rb1 O-O 13. a3 a4 14. Bd2 Qb6 15. Nb4 Nxb4 16. axb4 Bxb4 17. Nxe5 Bxd2 18. Qxd2 Nxe5 19. Rxe5 Bd7 20. Rbe1 Bc6 21. Bd5 {Arencibia Rodriguez,W (2531)-Fridman,D (2594) Kapuskasing 2004 1-0 (38)}) ({RR} 6... Nf6 7. e4 dxe3 8. fxe3 e5 9. Nc3 Be7 10. Ng5 O-O 11. a3 Bg4 12. Qc2 Qd7 13. Nge4 Bh3 14. Nxf6+ Bxf6 15. Rxf6 Bxg2 16. Qxg2 gxf6 17. Nd5 Kh8 18. e4 Qd6 19. Be3 f5 20. Qf2 b6 21. exf5 {Gjestemoen-VonHirsch,A (2263)-Kreken,E (2324) Norway NOR 2025 ½-½ (138)}) 7. e3 Bg7 8. exd4 Nxd4 $146 ({RR} 8... cxd4 9. Re1 Nf6 10. Nbd2 O-O 11. a3 a5 12. Rb1 a4 13. b4 axb3 14. Nxb3 Nd7 15. Nfd2 Qe7 16. Qc2 Nb6 17. Nc5 Qxc5 18. Rb5 Nb4 19. axb4 Qc7 20. Nb3 Nd7 21. Nc5 Nxc5 22. Rxc5 Qd8 23. Rb5 {Markoja,B (2353)-Leniart,A (2488) Skopje 2015 ½-½}) ({RR} 8... cxd4 9. Na3 Nge7 10. Rb1 a5 11. Nb5 O-O 12. b3 e5 13. Re1 f6 14. Ba3 Nb4 15. Qd2 Nec6 16. Bxb4 Nxb4 17. a3 Na6 18. b4 axb4 19. axb4 Nc7 20. Nxc7 Qxc7 21. Ra1 Bd7 22. Qb2 f5 23. Ng5 {Kulinski,K (2100)-Jaskolski,K (2082) Wloclawek 2001 1-0 (36)}) 9. Nxd4 Bxd4 10. Nd2 Ne7 11. Nb3 Nf5 12. Nxd4 Nxd4 13. b4 cxb4 14. Qa4+ Bd7 15. Qxb4 Bc6 16. Bb2 Qd7 17. Qc5 Bxg2 18. Kxg2 Rd8 19. Rae1 b6 20. Qe5 Rg8 21. Qe4 h5 22. h3 Ke7 23. Qh4+ g5 24. Qxh5 Qc6+ 25. Re4 f5 26. Qh7+ Kf6 27. Bxd4+ Rxd4 28. Qxg8 Rxd3 29. f3 fxe4 30. fxe4+ Ke5 31. Qxg5+ Kd4 32. Qf6+ Kc5 33. Qe5+ Kb4 34. Rb1+ Ka4 35. Qb5+ Qxb5 36. cxb5 1-0

[Event "Donner Memorial"]
[Site "Amsterdam"]
[Date "1995.??.??"]
[Round "7"]
[White "Timman, Jan H"]
[Black "Van Wely, Loek"]
[Result "1-0"]
[WhiteElo "2590"]
[BlackElo "2585"]
[PlyCount "103"]
[EventDate "1995.08.??"]
[EventType "tourn"]
[EventRounds "11"]
[EventCountry "NED"]
[EventCategory "16"]
[SourceTitle "CBM 049"]
[Source "ChessBase"]
[SourceDate "1995.12.01"]
[SourceVersion "1"]
[SourceVersionDate "1995.12.01"]
[SourceQuality "1"]

1. Nf3 Nf6 2. g3 g6 3. b3 Bg7 4. Bb2 O-O 5. Bg2 c5 6. c4 Nc6 7. O-O d5 8. cxd5 Nxd5 9. Bxg7 Kxg7 10. Qc1 Qd6 11. Nc3 Nxc3 12. Qxc3+ Kg8 13. Rac1 b6 14. d4 Nxd4 15. Nxd4 cxd4 16. Qc7 Rb8 17. Qxd6 exd6 18. Rfd1 Re8 $146 ({RR} 18... Be6 19. Rxd4 Rbc8 20. Rcd1 Rc2 21. R4d2 Rxd2 22. Rxd2 Rc8 23. f4 b5 24. Kf2 Rd8 25. Rc2 a5 26. Ke3 Kf8 27. Kd4 Ke7 28. Rc7+ Rd7 29. Rc6 a4 30. Bd5 axb3 31. axb3 Ra7 32. Bxe6 fxe6 33. Rb6 {Burmakin,V (2433)-Moses,N (2210) chess.com INT 2024 1-0 (64)}) ({RR} 18... Ba6 19. Rxd4 Bxe2 20. Rxd6 Rbc8 21. Re1 Rc2 22. a4 Rfc8 23. h4 R8c7 24. Be4 Rb2 25. Bd3 Bxd3 26. Rxd3 Kg7 27. Kg2 a6 28. Ree3 Rc5 29. Rf3 Rc7 {½-½ (29) Aghayev,N (2183)-Sai,S (2360) Belfort 2005}) 19. Bf3 Ba6 20. Rc7 Bxe2 21. Bxe2 Rxe2 22. Rxa7 Re4 23. Rd7 Ra8 24. Rd2 Re1+ 25. Kg2 Ra1 26. Rxd4 R1xa2 27. R4xd6 Kg7 28. Rxb6 R8a5 29. g4 h5 30. h3 hxg4 31. hxg4 Ra6 32. Rxa6 Rxa6 33. Rd4 Ra3 34. Rd3 Kf6 35. Kg3 Ra2 36. Rf3+ Ke6 37. Re3+ Kf6 38. f4 g5 39. f5 Rd2 40. b4 Rd4 41. Rb3 Ke7 42. b5 Kd8 43. b6 Kc8 44. Rc3+ Kb7 45. Rc7+ Kxb6 46. Rxf7 Rd3+ 47. Kf2 Rd4 48. Kf3 Rd3+ 49. Ke4 Rg3 50. f6 Rxg4+ 51. Kf5 Rg1 52. Rg7 1-0

[Event "Belgrade Investbank"]
[Site "Belgrade"]
[Date "1995.??.??"]
[Round "11"]
[White "Kramnik, Vladimir"]
[Black "Beliavsky, Alexander G"]
[Result "1-0"]
[WhiteElo "2730"]
[BlackElo "2650"]
[Annotator "Ftacnik,Lubomir"]
[PlyCount "35"]
[EventDate "1995.11.??"]
[EventType "tourn"]
[EventRounds "11"]
[EventCountry "YUG"]
[EventCategory "17"]
[SourceTitle "CBM 051"]
[Source "ChessBase"]
[SourceDate "1996.04.01"]
[SourceVersion "1"]
[SourceVersionDate "1996.04.01"]
[SourceQuality "1"]

1. Nf3 {Giese} d5 2. g3 c6 3. Bg2 Bg4 4. O-O Nd7 5. d4 e6 6. Nbd2 f5 7. c4 Bd6 8. Qb3 Rb8 (8... Qb6 $2 9. Qe3 $1 $16 f4 10. gxf4) 9. Re1 {Black has gone to the great lenghts to prevent e2-e4 push, but it has cost him lot of time and some weaknesess (b7,e6).} Nh6 {Speelmans move from the game Hug,W-Speelman,J/Altensteig (10) ;CBM 43 1994. This move I mentioned in my notes to the game Tkachiev,V-Tregubov,P/Wijk/1995/1-0 (32) ;CBM 46.  In the texgame Kramnik seems to demonstrate a refutation of Speelmans move!} (9... Qe7 10. Ne5 $1 (10. Nh4 Ngf6 11. f3 g5 $1 $132) (10. h3 Bh5 11. cxd5 cxd5 12. e4 (12. g4 $1 Bf7 13. gxf5 exf5 14. Nf1 Ngf6 15. Ne3 g6 16. Ng5 Nb6 17. a4 f4 18. Nxf7 Kxf7 19. Nxd5 Nfxd5 (19... Qe6 20. e4 Nbxd5 21. Bd2 Nc7 22. Qxe6+ Nxe6 23. e5 Nxd4 24. exd6 Rhe8) 20. a5 Kg7 21. axb6 Nxb6 22. Rxa7 Bb4 23. Bxf4 Bxe1 24. Bxb8 Rxb8 25. Qxb6 {Maiwald,J-Slobodjan,R/Bonn GSK (04)/1995/1-0 (34)}) 12... fxe4 13. Nxe4 dxe4 14. Rxe4 Bf7 15. Ng5 Ngf6 16. Nxf7 Kxf7 17. Bg5 Rhe8 18. Rae1 Nf8 19. f4 Qd7 20. Bxf6 Kxf6 21. g4 g6 22. f5 exf5 23. gxf5 gxf5 24. Rf1 Rxe4 25. Bxe4 f4 26. Qd5 Qe6 {Terreaux,G-Sher,M/Ticino op (06)/1994/0-1}) 10... Nxe5 (10... Bh5 $5 11. cxd5 cxd5 $8 12. Nxd7 $6 (12. Ndf3 $5) (12. f3 $5) (12. Ndf3 Ngf6 13. Bf4 O-O {0.5/Berkovich,M-Van der Wiel,J/Amsterdam Donner op (04)/ 1995}) 12... Qxd7 13. f3 Ne7 $13) (10... Ngf6 11. Nxg4 Nxg4 12. cxd5 exd5 13. e4 O-O 14. e5 Bb4 15. a3 Ba5 16. Bxd5+ cxd5 17. Qxd5+ Kh8 18. Qxa5 f4 19. Ne4 Qf7 20. f3 Nxh2 21. Kxh2 Qh5+ 22. Kg2 fxg3 23. f4 Qh2+ 24. Kf3 {Tkachiev,V-Winants,L/Wijk op (10)/1995/1-0 (40)}) 11. dxe5 Bxe5 12. cxd5 exd5 13. e4 $1 fxe4 14. Nxe4 dxe4 15. Rxe4 Nf6 16. Bg5 Be6 $6 (16... Qe6 17. Qxe6+ Bxe6 18. Rxe5 Kf7 19. a4 Rhe8 20. a5 a6 21. Rae1 $14) 17. Qe3 Nd5 18. Qd2 $5 Qf7 19. Rxe5 O-O 20. Rae1 $16 {Tkachiev,V-Tregubov,P/Wijk aan Zee/1995/1-0 (32) ;CBM 46}) (9... Ngf6 10. Ng5 Qe7 11. f3 Bh5 12. e4 h6 13. exf5 e5 14. Ne6 Bf7 15. c5 Nxc5 16. dxc5 Bxc5+ 17. Kh1 Bd6 18. Nxg7+ Kf8 19. Ne6+ Bxe6 20. fxe6 h5 21. Bh3 {Hug,W-Lobron,E/Garmisch-Partenkirchen 25' (02)/1994/1-0 (28)}) (9... Qf6 10. cxd5 cxd5 11. Qa4 Ne7 12. Ne5 b5 13. Qxa7 Nxe5 14. dxe5 Bxe5 15. Nf3 Bxf3 16. exf3 Nc6 17. Qc5 Kd7 18. Rxe5 Nxe5 19. Qa7+ Kd6 20. Bf4 g5 21. Be3 Rhc8 22. Bd4 Ra8 23. Qb6+ Rc6 24. Bc5+ Kd7 25. Qb7+ Rc7 26. Qxb5+ Nc6 {Drasko,M-Blagojevic,D/JUG-chT Tivat (02)/1995/0.5 (41)}) 10. cxd5 cxd5 11. h3 (11. Ne5 Nxe5 12. dxe5 Bc7 13. h3 Bh5 14. f4 Bb6+ 15. Kh2 O-O 16. Nf3 Bxf3 17. Bxf3 {0.5/Hug,W-Speelman,J/Altensteig (10)/1994/ ;CBM 43}) 11... Bh5 12. e4 $3 {[%cal Ge1e8] If this move can be tactically justified it clearly represents the strategical win.  Giese: } fxe4 (12... Bxf3 13. Bxf3 fxe4 14. Nxe4 dxe4 15. Qxe6+ Qe7 (15... Be7 16. Bxh6 exf3 17. Bxg7 $18) 16. Rxe4 Kd8 17. Qd5 $16) (12... dxe4 13. Qxe6+ (13. Ng5 Bf7 14. Ndxe4 fxe4 15. Nxe6) 13... Qe7 14. Ng5 Bf7) 13. Ng5 Bf7 {} (13... Qxg5 14. Nxe4 Qe7 15. Bg5 (15. Nxd6+ Qxd6 16. Bf4 Qe7 17. Bxd5 $16) 15... Nf6 (15... Qf8 16. Qxd5 $1 Be7 17. Nd6+ Kd8 18. Bxe7+ Qxe7 19. Rxe6 $18) 16. Nxd6+ Qxd6 17. Bf4 Qd8 18. Bxb8 Qxb8 19. Rxe6+ Kf7 20. Rae1 $16) (13... Qe7 {Giese} 14. Nxe6 $1 Qxe6 (14... Nf6 15. Bxe4 dxe4 (15... Qxe6 16. Bg6+ $18) 16. Nxe4 Nxe4 17. Rxe4 {[%cal Ye6g7]} Kf7 18. Nf4+ $18) 15. Rxe4 Be5 16. Re1 $18 {[%cal Yd4e5]}) 14. Ndxe4 $1 {[%cal Gb3g8] } dxe4 (14... Be7 15. Nxf7 Nxf7 16. Nc3 $18) 15. Nxe6 {The trojan horse landed in the enemy's territory, white should win.} Bxe6 (15... Qe7 16. Rxe4 $16 (16. Rxe4 {Giese} Be5 17. Nxg7+ Kf8 (17... Kd8 18. Qa4 Qf6 19. dxe5 Qxg7 20. e6 $18) 18. Bxh6 $1 Bxb3 19. Nf5+ $18)) (15... Ng8 16. Rxe4 Bxe6 17. Rxe6+ Be7 18. Bf4 $16) (15... Nf5 16. Rxe4 Be7 17. Bg5 $16) (15... Qb6 {Giese} 16. Nxg7+ Kd8 17. Qxb6+ axb6 18. Bxh6 $18) (15... Qf6 {Giese} 16. Rxe4 Be7 17. Bf4 Rd8 (17... Rc8 18. Qxb7 Bxe6 19. Qxc8+ Bd8 20. Bg5 $1 $18) 18. d5 Nf5 (18... Bxe6 19. Rxe6 Qf7 20. d6 $18) 19. Rae1 $18 {[%csl Rb7,Rd8,Re7][%cal Yd5d6]}) 16. Qxe6+ Qe7 $146 (16... Be7 17. Bxh6 (17. Bf4 Rc8 18. Bxe4 Nf8 19. Qb3 $40 {[%csl Rb7][%cal Ge1e8]}) 17... gxh6 18. Bxe4 {Giese} (18. Rxe4 Rf8 19. Rae1 (19. d5 $2 Nc5) 19... Rf7 20. Qxh6 Nf6 $132 {Giese}) 18... Rf8 (18... Nf6 19. Bd3 Kf8 20. Bc4 Qe8 21. Qe3 $18) 19. Bxh7 Rf6 20. Qg4 $40) ({RR} 16... Be7 17. Bxh6 gxh6 18. Rxe4 Rf8 19. Bf1 b5 20. Rc1 Rf7 21. d5 Kf8 22. d6 Bf6 23. Qd5 Qb6 24. Be2 Be5 25. Bh5 Qxf2+ 26. Kh1 Rf5 27. Qe6 Rxh5 28. Qxd7 Qf3+ 29. Kg1 Qxg3+ 30. Kf1 Qf3+ 31. Kg1 {Neubauer,M (2414)-Shabalov,A (2569) Bridgetown 2009 0-1 (33)}) 17. Rxe4 {[%csl Rd6][%cal Ye6d6]} Kd8 (17... Nf7 18. Qd5 $18 (18. Qb3 $1 $18 {Giese})) (17... Qxe6 18. Rxe6+ Be7 19. Bxh6 Kf7 20. Rae1 Bb4 21. Bd5 Bxe1 22. Rxe1+ Kg6 23. Bxg7 Kxg7 24. Re7+ Kh6 25. Rxd7 Rhd8 26. Rxd8 Rxd8 27. Bxb7 Rxd4 28. b3 $16) 18. Qd5 (18. Qd5 Qf8 (18... Nf6 19. Rxe7 Nxd5 20. Re6 Nf5 21. Bxd5 Nxd4 22. Rxd6+ Ke7 23. Be4 Kxd6 24. Bf4+ Kc5 25. Bxb8 Rxb8 26. Bxh7 $18) 19. Re6 (19. Bg5+ {Giese} Nf6 20. Rae1 Nf7 21. Re6 Rg8 (21... Kc7 22. Bxf6 gxf6 23. Rxf6 $18) 22. Rxf6 gxf6 23. Bxf6+ Kc7 24. Qa5+ b6 (24... Kd7 25. Qb5+ $18) 25. Qxa7+ Kc8 26. Rc1+ $18) 19... Bc7 (19... Be7 20. Rxe7 $1 Qxe7 21. Bg5 $18) 20. Bg5+ Kc8 21. Rc1 $18) 1-0

[Event "EU-Cup 11th final"]
[Site "Ljubljana"]
[Date "1995.12.02"]
[Round "3"]
[White "Anastasian, Ashot"]
[Black "Pinter, Jozsef"]
[Result "1-0"]
[WhiteElo "2520"]
[BlackElo "2565"]
[Annotator "Horn,Peter"]
[PlyCount "107"]
[EventDate "1995.11.30"]
[EventType "team-k.o."]
[EventRounds "3"]
[EventCountry "SLO"]
[SourceTitle "EXT 2020"]
[Source "ChessBase"]
[SourceDate "2019.10.17"]
[SourceVersion "1"]
[SourceVersionDate "2019.10.17"]
[SourceQuality "1"]
[WhiteTeam "Yerevan"]
[BlackTeam "Budapest Honved"]
[WhiteTeamCountry "ARM"]
[BlackTeamCountry "HUN"]

1. c4 {Hecht} Nf6 2. Nf3 c5 3. g3 d5 4. Bg2 Nc6 5. O-O d4 6. d3 (6. e3 e5 7. exd4 exd4 8. d3 Be7 9. Bf4 O-O 10. Ne5 Nxe5 11. Bxe5 Ng4 $1 12. Bf4 Bd6 13. Bxd6 Qxd6 14. Nd2 Qb6 $6 (14... Ne5 {Kasparov} 15. Ne4 Qc7 16. h3 Bf5 $10) 15. Re1 Bd7 16. h3 Nf6 17. Qb3 $14 {Kasparov,G-Pinter,J/Skara EUchT/1980}) 6... e5 7. a3 (7. e3) 7... a5 $146 (7... Be7 8. b4 $5 cxb4 $140 9. axb4 Bxb4 10. Nxe5 $1 $14) (7... Bd7 8. e3 Be7 9. exd4 exd4 10. Bg5 O-O 11. Nbd2 Bf5 12. Ne1 Qd7 13. Bxf6 Bxf6 14. f4 Be7 15. Ne4 Bg4 16. Qd2 h6 17. Nc2 a5 18. Rae1 Rfe8 19. Nf2 Be6 20. Re2 a4 21. Rfe1 Bd6 22. h3 Bc7 23. Qd1 Ba5 24. Rf1 $14 {Gausel, E-Elseth,R/NOR-ch (3)/1991/0.5 (44)}) 8. e3 Be7 9. exd4 exd4 10. Re1 {Nun ist die Hauptfortsetzung mit der Zugabe a3/a5 entstanden.} h6 (10... O-O) 11. Bf4 O-O 12. Ne5 Nxe5 13. Bxe5 Ng4 14. Nd2 (14. Bf4 g5 15. Bc1 Bd6) 14... Ra6 (14... Nxe5 15. Rxe5 Qc7 16. Re1 Re8 (16... Bf5 17. Qf3 $1 $14) 17. Qh5 (17. Bd5)) (14... f6 $6 15. Bf4 g5 16. h3 gxf4 17. hxg4 $16) 15. h3 Nxe5 16. Rxe5 Rg6 $146 ({RR} 16... Qc7 17. Re2 Re6 18. Rxe6 Bxe6 19. Qh5 Qb6 20. b3 a4 21. Rb1 axb3 22. Rxb3 Qa5 23. Qe2 b6 24. Kh2 Bd6 25. Ne4 Bc7 26. f4 Qa4 27. Qb2 Re8 28. h4 Kf8 29. Rxb6 Bxb6 30. Qxb6 Qxa3 31. f5 {Rossi,E (2102)-Richard,S (2200) Grosseto 2010 ½-½ (55)}) 17. Qh5 Bd6 18. Re2 Rg5 19. Qh4 Re5 (19... Be7 $6 20. Qe4) 20. Qxd8 Rxd8 21. Rxe5 Bxe5 22. h4 {Trotz der Vereinfachung und der symmetrischen Bauernstellung: Wei� st�tzt seine Hoffnungen auf den Druck auf der langen Diagonalen und den weniger starken Be5.} a4 (22... Bc7 23. Rb1 (23. b4 $6 cxb4 24. axb4 axb4 25. Nb3 Bf5)) (22... Bf5 $5 23. Be4 $14) 23. Rb1 Bc7 24. Be4 {Der wunde Punkt in der wei�en Bauernstruktur ist der Pd3. Jetzt ist Bf5 verhindert.} Kf8 25. b4 axb3 26. Nxb3 b6 27. a4 f5 28. Bf3 f4 (28... Bd6 29. a5 bxa5 30. Ra1 Be6 31. Rxa5 Rc8 $14) (28... g5 29. a5 bxa5 (29... Ke7 30. hxg5 hxg5 31. Ra1 bxa5 32. Nxc5 g4 33. Bg2 f4 34. gxf4 Bf5 35. Be4)) 29. g4 h5 $1 30. gxh5 Bf5 31. Rd1 Bd6 32. Kg2 Be7 (32... Rd7 $1 $10 { Ra7} 33. a5 bxa5 34. Nxa5 Ra7 35. Nb7 Be7) 33. a5 bxa5 34. Nxa5 Rc8 35. Bd5 Bg4 36. Bf3 Bf5 37. Nc6 Bxh4 $6 (37... Bf6 $5) 38. Ne5 Ke7 (38... Rb8 39. Be4 Bf6 40. Ng6+ Bxg6 41. hxg6 Ke7 $14) 39. Ng6+ Bxg6 40. hxg6 {Hecht: T+ungl.L: blockierte B-Stellung, bessere wei�e Figuren, schw B-Schw�chen} Kf6 41. Be4 f3+ $2 (41... Rb8 42. Rd2 $14) 42. Kxf3 Rf8 43. Kg4 Bxf2 44. Rh1 $1 Be3 45. Rh5 Ke6 (45... Rc8 46. Rf5+ Ke6 47. Rf7 Rg8 48. Rc7 Kd6 49. Rc6+ $18) 46. Rxc5 Rf4+ 47. Kg3 Rf8 48. Ra5 Bf4+ 49. Kg4 Bd6 50. Bf5+ Kf6 51. c5 Bb8 52. Rb5 Bh2 53. Rb7 Be5 54. c6 1-0

[Event "Badalona op"]
[Site "Badalona"]
[Date "1996.??.??"]
[Round "5"]
[White "Lupu, Mircea Sergiu"]
[Black "Korneev, Oleg"]
[Result "1-0"]
[WhiteElo "2500"]
[BlackElo "2590"]
[PlyCount "88"]
[EventDate "1996.??.??"]
[EventType "swiss"]
[EventRounds "9"]
[EventCountry "ESP"]
[SourceTitle "EXT 2004"]
[Source "ChessBase"]
[SourceDate "2003.11.25"]
[SourceVersion "1"]
[SourceVersionDate "2003.11.25"]
[SourceQuality "1"]

1. Nf3 d5 2. g3 g6 3. Bg2 Bg7 4. O-O e5 5. d3 Ne7 6. e4 O-O 7. c3 h6 8. Nbd2 Nbc6 9. b4 ({RR} 9. Re1 Re8 10. b4 d4 11. Bb2 dxc3 12. Bxc3 a6 13. Qc2 Kh7 14. Nc4 f6 15. a4 Be6 16. b5 Nd4 17. Nxd4 exd4 18. Bd2 Qd7 19. Rab1 axb5 20. axb5 Bh3 21. Bh1 Be6 22. Rec1 Rec8 23. h4 Rab8 {Ghasi,A (2508)-Sarana,A (2693) chess.com INT 2023 0-1 (35)}) 9... a6 10. Bb2 dxe4 ({RR} 10... Be6 11. a4 b5 12. Re1 d4 13. cxd4 exd4 14. Nb3 Nxb4 15. Nbxd4 Bd7 16. axb5 axb5 17. Rc1 Rc8 18. Rc5 Na6 19. Rc2 Nb4 20. Rc5 Na6 21. Rc2 c5 22. Nb3 Bxb2 23. Rxb2 Be6 24. Qc1 Kh7 25. Qe3 {Martin Rueda,D (2266)-Biastoch,B (2213) chess.com INT 2025 0-1}) 11. dxe4 $146 ({RR} 11. Nxe4 f5 12. Nc5 Kh7 13. Qc2 b6 14. Nb3 Bb7 15. Rfe1 Nd5 16. a3 Re8 17. Rad1 Nf6 18. c4 Nd7 19. h4 Qf6 20. b5 Nd8 21. a4 c5 22. a5 axb5 23. cxb5 bxa5 24. Ra1 Qb6 25. h5 a4 {Schulenburg,P (2285)-Haub,T (2350) Germany 1995 1-0 (60)}) 11... Be6 12. Qc2 Nc8 13. a3 Nd6 14. c4 Qe7 15. Rfe1 Rad8 16. Bf1 g5 17. Bd3 g4 18. Nh4 Qg5 19. Rad1 Rd7 20. Nb3 Rdd8 21. b5 axb5 22. cxb5 Ne7 23. Nc5 Bc8 24. a4 b6 25. Na6 Rd7 26. Nb8 Rdd8 27. Qxc7 Bb7 28. Nc6 Bxc6 29. bxc6 Qf6 30. Bb5 Nxe4 31. Rxe4 Rxd1+ 32. Kg2 Ng6 33. Be2 Nxh4+ 34. gxh4 Rd6 35. Rxg4 Re8 36. Qxb6 Rxc6 37. Qe3 Rc2 38. Bb5 Re6 39. Ba1 Qd8 40. Qe4 Rf6 41. Qxc2 Qd5+ 42. Qe4 Qd2 43. Qe3 Qd5+ 44. Qe4 Qd2 1-0